| 000 | 00971nmm a2200289 a 4500 | ||
|---|---|---|---|
| 001 | ocm000703797 | ||
| 003 | TR-IsHL | ||
| 005 | 20201028141108.0 | ||
| 008 | 131219s1982 tu tur | ||
| 007 | cr cn | ||
| 035 |
_a703797 _b(N$T) |
||
| 050 | 0 | 4 |
_aKKX2050 _b.A53 1982 |
| 090 | 0 | 4 |
_aKKX2050 _b.A53 1982 |
| 245 | 1 | 0 |
_aAnayasa konusunda Türkiye Barolar Birliği 'nin görüş ve düşünceleri _h[electronic resource] |
| 260 |
_aAnkara : _bTürkiye Barolar Birliği, _c1982 |
||
| 300 | _a25 p. | ||
| 650 | 4 | _aHukuk | |
| 650 | 4 | _aLaw | |
| 650 | 0 |
_aAnayasalar _x Eleştiri ve yorum _x Türkiye |
|
| 650 | 0 |
_aConstitutions _x Criticism and interpretation _x Turkey |
|
| 650 | 0 | _aAnayasa hukuku | |
| 650 | 0 | _aConstitutional law | |
| 650 | 0 |
_aAnayasalar _x Türkiye |
|
| 650 | 0 |
_aConstitutions _x Turkey |
|
| 650 | 7 |
_aLAW / Constitutional _2bisacsh |
|
| 856 | 4 | 0 | _uhttp://search.ebscohost.com/login.aspx?direct=true&scope=site&db=e011xww&AN=703797 |
| 999 |
_c7635 _d7635 |
||